Statistics for South American Capitals - Map Quiz

Click here to take the quiz!

General Stats

  • This quiz has been taken 28,876 times
  • The average score is 10 of 12

Answer Stats

Answer % Correct
Brasilia
96%
Buenos Aires
93%
Santiago
90%
Lima
89%
Bogota
87%
Caracas
82%
Georgetown
78%
Montevideo
78%
La Paz
76%
Quito
76%
Asuncion
67%
Paramaribo
51%

Score Distribution

Percentile by Number Answered

Percent of People with Each Score

Your Score History

You have not taken this quiz